| 000 | 00650nam a2200241Ia 4500 | ||
|---|---|---|---|
| 003 | OSt | ||
| 005 | 20220918181053.0 | ||
| 006 | a|||||r|||| 00| 0 | ||
| 007 | ta | ||
| 008 | 220917b |||||||| |||| 00| 0 eng d | ||
| 024 | _a25,383 | ||
| 037 | _cTextual | ||
| 040 |
_aARTS _cARTS _beng |
||
| 041 |
_2eng _aeng |
||
| 082 | _aO111,1:gk, M9 | ||
| 100 |
_aWoodman Thomas _916199 |
||
| 245 | 0 | _aPoliteness and poetry in the age Pope | |
| 260 |
_aCranbury _bAssociated Univ Press _c1989 |
||
| 300 |
_a166p. _ccm. |
||
| 650 | _aENGLISH LITERATURE | ||
| 942 |
_hO111,1:gk, M9 _cTEXL _2CC |
||
| 999 |
_c164273 _d164273 |
||